000 00848nam a22003017a 4500
001 BR9902944
003 BR-BrBNA
005 20230928100430.0
007 ta
008 230509b bl.||||| |||| 00| 0 por d
040 _aBR-BrBNA
_bpor
_cBiblioteca Nacional de Agricultura
041 _a(Por)
072 _aF01
_b0336
090 _ 0336 BR9902944
100 1 _aBorges, E.P.
100 1 _aSiede, P.K.
110 1 _aFundacao MS para Pesquisa e Difusao de Tecnologias Agropecuarias, Maracaju, MS (Brasil)
_94993
245 1 _aDessecacao da soja para antecipacao do plantio da safrinha
260 3 _aMaracaju, MS (Brasil):
_c1999.
300 _a18 p.
500 _a12 tables; 13 illus.
650 _aSoja
650 _aDesidratacao
650 _aSafrinha
650 _aPlantio
909 _a202309
_bLucia
_c55
_dLucia Elande
942 _cBK
999 _c61303
_d61303